Absolventská daň ako spôsob financovania vysokoškolského vzdelávania

Teoretické vymedzenie absolventskej dane a možnosti jej zavedenia. Nevýhody absolventskej dane ako spôsobu financovania vysokoškolského vzdelávania. Absolventská daň alebo odložené školné a kontingenčné splácanie v ČR.

Gespeichert in:
Bibliographische Detailangaben
1. Verfasser: Kitová, Denisa, 1983-
Format: Buchkapitel
Sprache:Slowakisch
Schlagworte:
Tags: Tag hinzufügen
Keine Tags, Fügen Sie das erste Tag hinzu!

MARC

LEADER 00000naa$a2200000$$$4500
001 0128564
005 20240502072454.8
041 0 |a slo 
044 |a SK 
245 1 0 |a Absolventská daň ako spôsob financovania vysokoškolského vzdelávania  |c Denisa Kitová 
520 |a Teoretické vymedzenie absolventskej dane a možnosti jej zavedenia. Nevýhody absolventskej dane ako spôsobu financovania vysokoškolského vzdelávania. Absolventská daň alebo odložené školné a kontingenčné splácanie v ČR. 
610 2 0 |a vzdelávanie vysokoškolské 
610 2 0 |a financovanie 
610 2 0 |a financovanie školstva 
610 2 0 |a školy vysoké 
610 2 0 |a absolventi 
610 2 0 |a dane 
100 1 |a Kitová, Denisa, 1983-